Statistics for European Countries by Rank

Click here to take the quiz!

General Stats

  • This quiz has been taken 148 times
    (81 since last reset)
  • The average score is 11 of 15

Answer Stats

Alphabetical OrderBiggest PopulationBiggest AreaGDP per capitaNorthernmostHighest ElevationLongest CoastlineBusiest AirportCountry% Correct
142714137143 Germany
92%
3511331117Russia
86%
444111662941United Kingdom
86%
131344140122134Albania
84%
195101928256 Italy
83%
43724316261322Ukraine
77%
4115574251212Sweden
75%
133318182102France
73%
318191222511Austria
63%
2843441364430Monaco
63%
22424222716Liechtenstein
59%
4545454345Vatican City
58%
2438393203630Luxembourg
56%
40642035695Spain
55%
511331517352713Belgium
48%

Score Distribution

Percentile by Number Answered

Percent of People with Each Score

Your Score History

You have not taken this quiz since the last reset